01571nam a2200397 a 4500001001100000003000800011006001900019007001500038008004100053010001700094015001500111016001900126020001500145020002800160040002100188035002000209050002600229082001500255100002100270245015900291260005800450300002500508490005100533504006800584533015200652650001600804650002300820650003900843650002300882650004200905655002900947710001700976830004000993856012501033999001501158ebr5004967CaPaEBRm u cr cn|||||||||011103s2001 ne a sb 001 0 eng  z 00049411  aGBA1-650077 a15881101842Uk z1588110184 z9027251037(Netherlands) aCaPaEBRcCaPaEBR a(OCoLC)5009686314aP99.4.P72bA53 2001eb04a306.442211 aAndersen, Gisle.10aPragmatic markers and sociolinguistic variationh[electronic resource] :ba relevance-theoretic approach to the language of adolescents /cGisle Andersen. aAmsterdam ;a[Great Britain] :bJ. Benjamins,cc2001. aviii, 352 p. :bill.1 aPragmatics & beyond,x0922-842x ;vnew ser. 84 aIncludes bibliographical references (p. [321]-340) and indexes. aElectronic reproduction.bPalo Alto, Calif. :cebrary,d2013.nAvailable via World Wide Web.nAccess may be limited to ebrary affiliated libraries. 0aPragmatics. 0aDiscourse markers. 0aLanguage and languagesxVariation. 0aLinguistic change. 0aTeenagerszEnglandzLondonxLanguage. 7aElectronic books.2local2 aebrary, Inc. 0aPragmatics & beyond ;vnew ser. 84.40uhttp://site.ebrary.com/lib/rucke/Doc?id=5004967zAn electronic book accessible through the World Wide Web; click to view c1463d1463